La guerra del sapo. Fiesta en el cielo : cuentos santiagueños /

Este animalito -tan feo para algunos y tan simpático para otros- ha inspirado en todo el mundo un sinnúmero de relatos. Los dos cuentos de este libro no sólo ponen de relieve al personaje, sino también a la gracia y el ingenio del pueblo santiagueño, gran creador de historias. Tanto el primer relato...

Descripción completa

Guardado en:
Autor Principal: Palermo, Miguel Ángel.
Otros Autores: Chiappe, Aldo; il., Pez, Alberto; il.
Formato: Libro
Idioma:Undetermined
Publicado: Buenos Aires : Arte Gráfico, 2005.
Edición:1a ed.
Series:Cuentos y leyendas de mi país - Genios ; 1
Materias:
Etiquetas: Agregar Etiqueta
Sin Etiquetas, Sea el primero en etiquetar este registro!
LEADER 01249nam a22002415a 4500
001 CEM.cems021326
008 240731s2005####ag############000#0#und#d
005 20240731175854.0
245 1 0 |a La guerra del sapo. Fiesta en el cielo :  |b cuentos santiagueños /  |c Selección y adaptación de Miguel Ángel Palermo ; ilustrado por Aldo Chiappe y Alberto Pez. 
250 |a 1a ed. 
260 |a Buenos Aires :  |b Arte Gráfico,  |c 2005. 
300 |a 50 p. 
490 1 |a Cuentos y leyendas de mi país - Genios ;  |v 1 
520 |a Este animalito -tan feo para algunos y tan simpático para otros- ha inspirado en todo el mundo un sinnúmero de relatos. Los dos cuentos de este libro no sólo ponen de relieve al personaje, sino también a la gracia y el ingenio del pueblo santiagueño, gran creador de historias. Tanto el primer relato -"La guerra del sapo"-, como el segundo -"Fiesta en el cielo"-, son tan amenos como divertidos. 
020 |a 9507825355 
100 1 |a Palermo, Miguel Ángel. 
700 1 |a Chiappe, Aldo; il. 
700 1 |a Pez, Alberto; il. 
653 |a Leyendas 
653 |a Leyendas argentinas 
653 |a Literatura folclórica 
653 |a Cuentos tradicionales 
859 |a CEMS  |b BIB. CEMS - Inicial y Primaria  |h 398.2  |i P174-28  |k IP  |p 6533  |t Ej.1